Fausto /
Guardado en:
| Autor Principal: | |
|---|---|
| Formato: | Libro |
| Idioma: | Undetermined |
| Publicado: |
Buenos Aires :
Hyspamérica,
1984.
|
| Edición: | 1a ed. |
| Series: | Historia Universal de la Literatura ;
88 |
| Materias: | |
| Etiquetas: |
Agregar Etiqueta
Sin Etiquetas, Sea el primero en etiquetar este registro!
|
| LEADER | 00553nam a22001815a 4500 | ||
|---|---|---|---|
| 001 | CEM.cems025200 | ||
| 008 | 260609s1984####ag############000#0#und#d | ||
| 005 | 20260609180324.0 | ||
| 245 | 1 | 0 | |a Fausto / |c Johann Wolfgang Goethe. |
| 250 | |a 1a ed. | ||
| 260 | |a Buenos Aires : |b Hyspamérica, |c 1984. | ||
| 300 | |a 342 p. | ||
| 490 | 1 | |a Historia Universal de la Literatura ; |v 88 | |
| 020 | |a 9506142831 | ||
| 100 | 1 | |a Goethe, Johann Wolfgang. | |
| 653 | |a Literatura alemana | ||
| 653 | |a Teatro alemán | ||
| 859 | |a CEMS |b BIB. CEMS - 11 de abril |h 832.6 |i G555-4 |p 29999.25 |t Ej.1 | ||
